000 00510nam a2200169 i 4500
001 92818
003 ES-MaACL
005 20250806063128.0
007 t|
008 050328s1981 sp ||||1| spa d
100 1 _aLizcano, Manuel,
_d1921-2004
_972623
245 1 3 _aLa revolución comunal
_b: hacia una nueva comunidad Iberico-Americana /
_cManuel Lizcano.
260 _aMadrid :
_bDosbe,
_c1981.
300 _a384 p. ;
_c21 cm.
852 _aES-MaACL
_jL-1317
_bR.101937
999 _c92818
_d92818